| 000 | 00406nam a22001577a 4500 | ||
|---|---|---|---|
| 003 | MPLRDC | ||
| 005 | 20220104180219.0 | ||
| 008 | 210129b ||||| |||| 00| 0 eng d | ||
| 082 | _a524.965 BAM v.4a | ||
| 100 | _aJ.A. BAMFORTH | ||
| 245 |
_aILMU ALAM MODEN MALAYSIA: AMERIKA UTARA _c |
||
| 260 |
_a _bMCGRAW-HILL FAR EASTERN PUBLISHERS _c |
||
| 300 | _b平 | ||
| 650 | _a | ||
| 942 |
_cBK _o524.965 BAM v.4a |
||
| 999 |
_c60805 _d60795 |
||